000 00725nam a2200289Ia 4500
005 20260324125155.0
008 008 260324s9999 xx 000 0 eng d
020 _a9780203170533
037 _aEBOOK
040 _aCRL
040 _beng
040 _cCRL
041 _2eng
041 _aeng
084 _qCRL
100 _aJorg Bibow
_91176977
245 0 _aKeynes on Monetary Policy, Finance and Uncertainty
245 0 _bLiquidity Preference Theory and the Global Financial Crisis
260 _bTaylor and Francis
260 _c2009
365 _a
365 _b240
856 _uhttp://www.taylorfrancis.com/books/9780203170533
942 _cEBOOK
999 _c1771998
_d1771998